00712 2200253 4500001002100000005001700021008004100038020002200079035002500101040001200126082001100138084001700149100001300166245006300179250001100242260004100253300003600294500003100330650003100361850001200392990001800404990001800422990001800440INLIS00000000001718020160204091656.0  a978-979-769-825-6 a0010-021600000000268 aYOPDYOG a297.63 a297.63 Nor S aNOR HUDA aSejarah sosial intelektual Islam di Indonesiac/ Nor Huda. aCet.1. aJakartabRaja Grafindo Persadac2015 axxv, 400 hlm.c; 23 cm [3 eks.] aBibliografi : hlm. 381-400 aIslam dan Perubahan Sosial aYOPDYOG a26143-PD/B.15 a26144-PD/B.15 a26145-PD/B.15